LEADER 01082nam a2200289 i 4500 001 991002927609707536 005 20021022144103.0 008 960610s1975 fr ||| | fre 020 $a2222009030 035 $ab11729624-39ule_inst 035 $aLE021FD223027$9ExL 040 $aDip. SSSC$bita 100 1 $aBablet, Denis$0156977 245 10$aEsthetique generale du dècor de theatre :$bde 1870 a 1914 /$cDenis Bablet 260 $aParis :$bEditions du centre national de la recher,$c1975 300 $aXVIII, 435 p., 52 c. di tav. ;$c23 cm. 440 3$aLe choeur des muses 650 4$aScenari$y1870-1914 650 4$aScenografia$y1870-1914 650 4$aScenotecnica 1870-1914 650 4$aTeatro e arte figurativa 907 $a.b11729624$b02-04-14$c24-10-02 912 $a991002927609707536 945 $aLE021FD TG20B6$g1$iLE021FD-2109$lle023$nFondo D'Amico$o-$pE0.00$q-$rn$so $t0$u0$v0$w0$x0$y.i11969568$z24-10-02 996 $aEsthétique générale du décor de théâtre$9478982 997 $aUNISALENTO 998 $ale021$b10-06-96$cm$da $e-$ffre$gfr $h0$i1 LEADER 01656nam1 22003973i 450 001 IEI0342122 005 20231121125510.0 100 $a20121219d2011 ||||0itac50 ba 101 | $aita 102 $ait 181 1$6z01$ai $bxxxe 182 1$6z01$an 200 1 $aOpere$fGiosuè Carducci$ga cura di Emma Giammattei 210 $a[Roma]$cIstituto della Enciclopedia Italiana$d2011 215 $a2 v.$d23 cm 225 | $a˜La œletteratura italiana Ricciardi 300 $aOpera prevista nel progetto originario della collana La letteratura italiana. Storia e testi, Milano-Napoli, Ricciardi, mai pubblicata. 410 0$1001IEI0226442$12001 $a˜La œletteratura italiana Ricciardi 463 1$1001IEI0342125$12001 $a˜1: œProse$fGiosuè Carducci$v1 463 1$1001IEI0342128$12001 $a˜2: œPoesie$fGiosuè Carducci$v2 700 1$aCarducci$b, Giosuè$3CFIV023000$0439461 702 1$aGiammattei$b, Emma$3CFIV011807$4340 790 1$aCarducci$b, Iosue$3CFIV217072$zCarducci, Giosuè 790 1$aKardoutse$b, Iosoue$3PUVV323515$zCarducci, Giosuè 790 1$aKardutsi$b, Iosue$3PUVV323516$zCarducci, Giosuè 790 0$aEnotrio Romano$3TO0V282364$zCarducci, Giosuè 801 3$aIT$bIT-01$c20121219 850 $aIT-RM028 $aIT-FR0017 899 $aBiblioteca Universitaria Alessandrina$bRM028 899 $aBiblioteca umanistica Giorgio Aprea$bFR0017 912 $aIEI0342122 950 1$aBiblioteca umanistica Giorgio Aprea$d 52S.L. 850.9 LIR.IEI.60.1$d 52S.L. 850.9 LIR.IEI.60.2 967 $m2 977 $a 01$a 52 996 $aOpere$979259 997 $aUNICAS